| 000 -LEADER |
| fixed length control field |
00403pab a2200145 454500 |
| 008 - FIXED-LENGTH DATA ELEMENTS--GENERAL INFORMATION |
| fixed length control field |
180718b1988 xxu||||| |||| 00| 0 eng d |
| 100 ## - MAIN ENTRY--PERSONAL NAME |
| Personal name |
Jones, Govin W. |
| 245 ## - TITLE STATEMENT |
| Title |
Urbanisation trends in Southeast Asia |
| Remainder of title |
Some issues for policy |
| 260 ## - PUBLICATION, DISTRIBUTION, ETC. |
| Date of publication, distribution, etc. |
1988 |
| 300 ## - PHYSICAL DESCRIPTION |
| Extent |
137-54 |
| 362 ## - DATES OF PUBLICATION AND/OR SEQUENTIAL DESIGNATION |
| Dates of publication and/or sequential designation |
Mar. |
| 650 ## - SUBJECT ADDED ENTRY--TOPICAL TERM |
| Topical term or geographic name entry element |
Urbanisation - Asia, South East |
| 773 ## - HOST ITEM ENTRY |
| Main entry heading |
Journal of Southeast Asian Studies |
| 909 ## - |
| -- |
20164 |